000 00492nam a2200217Ia 4500
001 11591
003 GE_BSU
008 181216s||||||||xx |||||||||||||| ||und||
020 _a0349113866
040 _cGE_BSU
080 _a821.111-312
100 _aSomoza,Jose Carlos.
245 4 _aThe Athenian Murders.
245 _cTranslated by Sonia Soto.
260 _aLondon
260 _bAbacus.
260 _c2002.
300 _a314p;22cm.
653 _aThe Athenian Murders.
942 _cBK
999 _c44786
_d44786